000 01042nam a2200265Ia 4500
003 IN-BaIIA
008 211028s9999 xx 000 0 eng d
020 _a90-277-0396-5
040 _cIIA Library
080 _a082.2:52
_bIAU-S52
110 _aIntenational Astronomical Union
111 _aIntenational Astronomical Union Symposium
_n52nd
_cNew York
_d1972
_97679
245 0 _aInterstellar dust and related topics
_bproceedings of the IAU symposium no.52 held in the state university of New York at Albany, New York, U.S.A., 29 May-2 June, 1972
_cedited by Mayo J. Greenberg and H. C. Van De Hulst
260 _aDordrecht
_bD. Reidel Publishing
_c1973
300 _axvii, 584p.
490 _aIAU Symposium; no. 52
650 _aAstronomy and Astrophysics Thesaurus
650 _aInterstellar dust
_95398
650 _aInterstellar gas
_96620
650 _aInterstellar matter
_91189
700 _aGreenberg, Mayo J., ed.
_97680
700 _aVan De Hult, H. C., ed.
_97681
710 _aInternational Astronomical Union
942 _cBK
999 _c4384
_d4384